Construction materials (Record no. 3506)

000 -LEADER
fixed length control field 00497nam a22002057a 4500
001 - CONTROL NUMBER
control field 3506
003 - CONTROL NUMBER IDENTIFIER
control field BD-DhUET
008 - FIXED-LENGTH DATA ELEMENTS--GENERAL INFORMATION
fixed length control field 0
020 ## - INTERNATIONAL STANDARD BOOK NUMBER
International Standard Book Number 0419154701
040 ## - CATALOGING SOURCE
Transcribing agency 0
Modifying agency BD-DhUET
082 ## - DEWEY DECIMAL CLASSIFICATION NUMBER
Classification number 620.136
Item number ILL/1994
100 ## - MAIN ENTRY--PERSONAL NAME
Personal name Illston, J. M.
245 ## - TITLE STATEMENT
Title Construction materials
Remainder of title their nature and behavior
250 ## - EDITION STATEMENT
Edition statement 1st ed.
260 ## - PUBLICATION, DISTRIBUTION, ETC. (IMPRINT)
Place of publication, distribution, etc. London
Name of publisher, distributor, etc. E & FN Spon
Date of publication, distribution, etc. 1994
300 ## - PHYSICAL DESCRIPTION
Extent xxiii, 517 p.
Other physical details ill.
Dimensions 20 cm.
504 ## - BIBLIOGRAPHY, ETC. NOTE
Bibliography, etc Includes bibliographies
650 #0 - SUBJECT ADDED ENTRY--TOPICAL TERM
Topical term or geographic name as entry element Concrete-Engineering
942 ## - ADDED ENTRY ELEMENTS (KOHA)
Koha item type General Book
Holdings
Not for loan Koha date last borrowed Withdrawn status Copy number Shelving location Lost status Koha item type Koha full call number Koha issues (times borrowed) Damaged status Koha normalized classification for sorting Koha renewals Koha date last seen Price effective from Date acquired Source of classification or shelving scheme Location (home branch) Piece designation (barcode) Sublocation or collection (holding branch)
 2015-03-04 1Circulation section General Book620.136/ILL/19941 620_136000000000000_ILL_1994 2021-06-302014-11-012014-11-01 Central Library, BUET92490Central Library, BUET
   2Circulation section General Book620.136/ILL/1994  620_136000000000000_ILL_1994 2014-11-012014-11-012014-11-01 Central Library, BUET92503Central Library, BUET
 2021-08-28 3Circulation section General Book620.136/ILL/19941 620_136000000000000_ILL_1994 2021-08-282014-11-012014-11-01 Central Library, BUET92499Central Library, BUET
   4Circulation section General Book620.136/ILL/1994  620_136000000000000_ILL_199422016-03-122014-11-012014-11-01 Central Library, BUET92494Central Library, BUET
   5Circulation section General Book620.136/ILL/1994  620_136000000000000_ILL_1994 2014-11-012014-11-012014-11-01 Central Library, BUET92501Central Library, BUET
 2024-09-07 6Circulation section General Book620.136/ILL/19941 620_136000000000000_ILL_1994 2024-09-142014-11-012014-11-01 Central Library, BUET92486Central Library, BUET
   7Reading section Reading Item620.136/ILL/1994  620_136000000000000_ILL_1994 2015-06-142015-06-142015-06-14 Central Library, BUET92484Central Library, BUET